000 00913nam a2200277Ia 4500
001 Para_7965
003 CHAP
008 220125s9999 xx 000 0 und d
010 _a205797
040 _cCHAP
082 _aPA-C 595.75 H4
100 _aTryon, Henry
_9171913
245 _aEntomology :
_b pernicious or San Jose scale (aspidiotus perniciosus, Comstock) /
_c by Henry Tryon
300 _a16 p.
440 _aHemiptera; 10
_9171909
500 _aSobretiro de: Queensland Agricultural Journal 2 (part.6): 1-16,1898. Encuadernado con otros impresos similares
650 _a
_x Hemípteros
_x colecciones de escritos
_x Aspidiotus
_9171914
710 _aQueensland Agricultural Journal 2 (part.6)
_9171915
901 _aPA-C 595.75 H4
902 _aA
905 _a000000 f 0000000000 00
910 _a
942 _cPARA
942 _cPARA
_d1
999 _c205797
_d205797